00678 2200229 4500001002100000005001700021008004100038020001800079035002400097040001200121082001100133084001700144100002000161245011400181250001100295260003800306300003100344650001800375700002200393850001200415990002100427INLIS00000000002057120170120092545.0  a602-9298-00-3 0010-051600000001005 aYOPDYOG a297.35 a297.35 Bud K aBUDIMAN MUSTOFA aKesalahn yang sering terjadi dalam shalatc/ Budiman Mustofa ; penyunting, Syaiful Mujahidin, Budiman Mustofa aCet. 1 aSUrakartabZiyad Visi Mediac2011 a209 hlm.b: ilus.c; 21 cm aSalat-Pedoman aSyaiful Mujahidin aYOPDYOG a1431-RBM/PD.A.16